| 000 | 00673nam a2200229 a 4500 | ||
|---|---|---|---|
| 001 | BRCA_7218 | ||
| 005 | 20190320205745.0 | ||
| 008 | 170112s1944----u--af#####---#000-0#eng-# | ||
| 041 | _aeng | ||
| 044 | _au | ||
| 050 | 4 |
_aN7280 _b.E88 1944 |
|
| 245 | 1 | 0 |
_aIranian and Islamic art _cRichard Ettinghausen & Eric Schroeder. |
| 260 |
_aNewton, Mass _bThe University Prints _c1944 |
||
| 300 |
_a15 p. _bil., 199 láminas _c21 cm. |
||
| 440 | 0 |
_aUniversity Prints. Oriental art. Series O _vsection IV _917883 |
|
| 500 | _aP114 | ||
| 650 | 1 | 4 |
_aArte irani _917884 |
| 650 | 1 | 4 |
_aArte islamico _91975 |
| 700 | 1 |
_aSchroeder, Eric _ecoaut. _917885 |
|
| 902 | _aGFM | ||
| 942 |
_2lcc _cB |
||
| 999 |
_c6899 _d6899 |
||